000 00304nam a22001337a 4500
008 171201b xxu||||| |||| 00| 0 eng d
020 _a9780131182677
041 _aeng
080 _27TH
_a618.2
100 _a2
101 _aINF
245 _aLABORATORY AND DIAGNOSTIC TESTS
_cKEE,J.L
942 _2udc
_cBK
999 _c38656
_d38656